000 00461cam a22001457a 4500
008 180718b2000 xxu||||| |||| 00| 0 eng d
082 _aAPPPA 99-2000/SIN
100 _aSingh, Shingara
245 _aUnorganised labour in India: a perspective
_cby Shingara Singh
260 _aNew Delhi
_bIndian Institute of Public Administration
_c2000
300 _a115p.
650 _aAPPPA
650 _aCasual labour - India
650 _aLabour law and Legislation - India
999 _c489442
_d489442